Missing Word: '90s One-Hit Wonders Quiz Stats

 Plays Quiz Updated Sep 6, 2016

Challenge
Share
Tweet
Embed
Score 0/20 Timer 05:00
2 Plays Today
Title - Artist Answer % Correct
_____ at Tiffany's - Deep Blue Something Breakfast
98.6%
_____ Compares 2 U - Sinéad O'ConnorNothing
94.9%
I'll Be _____ for You - The RembrandtsThere
94.5%
_____ No. 5 - Lou Bega Mambo
83%
You _____ What You Give - New Radicals Get
82.6%
What is _____ - Haddaway Love
79.4%
Bitter Sweet _____ - The Verve Symphony
72.4%
Closing _____ - Semisonic Time
71%
Jump _____ - House of Pain Around
69%
Save _____ - Eagle-Eye Cherry Tonight
57.4%
Title - Artist Answer % Correct
_____ and Candy - Marcy Playground Sex
54.2%
Steal My _____ - Len Sunshine
47.7%
No _____ - Blind Melon Rain
46.3%
How _____ - OMC Bizarre
41.4%
_____ Sitta - Harvey Danger Flagpole
29.8%
Standing Outside a Broken Phone Booth with _____ in my Hand - Primitive Radio Gods Money
29%
Everybody's _____ (to Wear Sunscreen) - Baz Luhrmann Free
23.6%
Your _____ - White Town Woman
20.8%
_____ Kingdom - Toadies Possum
18.6%
In the _____ - Spacehog Meantime
16.7%

Today's Daily Dose

You're not logged in!

Compare scores with friends on all Sporcle quizzes.
Join for Free
OR
Log In

You Might Also Like...

Show Comments

Extras

Top Quizzes Today


Score Distribution

Your Account Isn't Verified!

In order to create a playlist on Sporcle, you need to verify the email address you used during registration. Go to your Sporcle Settings to finish the process.

Report this User

Report this user for behavior that violates our Community Guidelines.

Details: